Blue - Eiffel 65 [lyrics] - Statistics

General Stats
  • This quiz has been taken 50 times
    45 since last reset
  • The average score is 213 of 303
Answer Stats
Answer % Correct
blue
100%
Blue
100%
I
100%
I'm
98%
a
93%
he
93%
About
88%
And
88%
and
88%
everything
88%
in
88%
is
88%
little
88%
story
88%
guy
85%
here
85%
listen
85%
the
85%
up
85%
here's
83%
house
83%
live
83%
to
83%
him
80%
world
80%
all
78%
outside
78%
That
78%
that
78%
Yo
78%
his
76%
inside
76%
lives
76%
sees
76%
window
76%
day
71%
for
71%
Like
71%
like
71%
nobody
71%
With
71%
around
68%
corvette
68%
got
68%
night
68%
himself
66%
just
66%
ain't
61%
Cause
61%
so
61%
are
59%
Da ba dee
59%
girlffriend
59%
girlfriend
59%
colour
54%
have
54%
she
54%
da ba di
49%
my
49%
me
46%
everyone
44%
of
44%
people
44%
too
44%
feelings
41%
walk
41%
wear
41%
streets
39%
trees
39%
it's
37%
what
27%
think
24%
say
22%
words
20%
No matching quizzes found
Score Distribution
Percent of People with Each Score
Percentile by Number Answered
Your Score History
You have not taken this quiz since the last reset